Daňové odpisovanie hmotného a nehmotného majetku
Prenášaním hodnoty majetku do daňových výdavkov dochádza k významnému ovplyvňovaniu výšky príjmov štátneho rozpočtu. Sú vytvorené presné pravidlá, ktorými sa odpisovanie riadi. Príspevok odpovedá na otázky, ktoré vznikajú pri praktickej aplikácii týchto pravidiel. Druhy hmotného a nehmotného majetku...
Enregistré dans:
| Format: | Chapitre de livre |
|---|---|
| Langue: | slovaque |
| Sujets: | |
| Tags: |
Pas de tags, Soyez le premier à ajouter un tag!
|
MARC
| LEADER | 00000naa$a2200000$$$4500 | ||
|---|---|---|---|
| 001 | 0022405 | ||
| 005 | 20231003105622.2 | ||
| 041 | 0 | |a slo | |
| 044 | |a SK | ||
| 245 | 1 | 0 | |a Daňové odpisovanie hmotného a nehmotného majetku |
| 520 | |a Prenášaním hodnoty majetku do daňových výdavkov dochádza k významnému ovplyvňovaniu výšky príjmov štátneho rozpočtu. Sú vytvorené presné pravidlá, ktorými sa odpisovanie riadi. Príspevok odpovedá na otázky, ktoré vznikajú pri praktickej aplikácii týchto pravidiel. Druhy hmotného a nehmotného majetku. Obstaranie hmotného a nehmotného majetku a jeho evidencia. Výlúčenie majetku z odpisovania. Vstupná cena, technické zhodnotenie. Zásady odpisovania, kto môže odpisovať, spôsoby odpisovania. Zostatková cena. | ||
| 610 | 2 | 0 | |a majetok hmotný |
| 610 | 2 | 0 | |a majetok nehmotný |
| 610 | 2 | 0 | |a odpisy daňové |